Influence of environment on incidence of Fomes lignosus in rubber replantations in Ceylon (Record no. 61221)

MARC details
000 -LEADER
fixed length control field 00500nam a2200169Ia 4500
100 ## - MAIN ENTRY--AUTHOR NAME
Personal name Wijewantha R T
245 #0 - TITLE STATEMENT
Title Influence of environment on incidence of Fomes lignosus in rubber replantations in Ceylon
260 ## - PUBLICATION, DISTRIBUTION, ETC. (IMPRINT)
Name of publisher Rubber Research Institute of Ceylon Quarterly Journal
Year of publication 1964
300 ## - PHYSICAL DESCRIPTION
Number of Pages 56-63
650 ## - SUBJECT ADDED ENTRY--TOPICAL TERM
Topical Term Ceylon
650 ## - SUBJECT ADDED ENTRY--TOPICAL TERM
Topical Term Fomes lignosus
650 ## - SUBJECT ADDED ENTRY--TOPICAL TERM
Topical Term Planting material
650 ## - SUBJECT ADDED ENTRY--TOPICAL TERM
Topical Term Replanting
650 ## - SUBJECT ADDED ENTRY--TOPICAL TERM
Topical Term Rubber
942 ## - ADDED ENTRY ELEMENTS (KOHA)
Koha item type Journals
Holdings
Withdrawn status Lost status Damaged status Not for loan Home library Current library Shelving location Date acquired Serial Enumeration / chronology Koha item type
      Journals RRII Library RRII Library Pathology 17/12/2021 Volume 40, Issue 04-Mar Journals